000 01937nam a22002657a 4500
005 20240305165608.0
007 cr|||| ||||
008 210618s2020 co |||||s|||| 00||0 spa d
020 _a978-958-792-132-8
035 _a33444
040 _avLex
090 _c11823
_d11823
100 1 _aBarrios, Marcela Fabiana
245 1 0 _aNeurociencias Aplicadas en la empresa
_h[Recurso electrónico] :
_bUna nueva visión de la dirección de empresas y el marketing /
_cMarcela Fabiana Barrios, Daniel Héctor Casais
256 _aServicio en línea
260 _aBogotá:
_bEdiciones de la U,
_c2020
300 _a1 recurso electrónico
500 _aEste libro es una imprescindible ayuda para comprender y aplicar un área de las neurociencias y el neuromarketing hasta el presente no explorada. Demuestra que es posible una mayor eficiencia e incremento de las ventas para cualquier organización –PyME o gran empresa- a partir de este nuevo enfoque sobre el comportamiento del individuo y la aplicación de técnicas sencillas de implementar. Con ilustraciones, tablas y ejemplos de la vida empresarial real permiten acceder a una disciplina top en el management mundial que no puede dejarse de lado. Y aunque aquí se habla de empresas, los conocimientos expuestos son útiles para todo vínculo social lo cual maximiza su utilidad para todo aquel que los posea.
506 1 _aDisponible solo en los productos indicados
_dvLex Global
_dvLex Global (Academic Edition, excluding Law Schools)
_dvLex Global (U.S. Academic Edition, Law Schools)
_dvLex Global (U.S. Academic Edition, excluding Law Schools)
_dvLex Global (Academic Edition, Law Schools)
650 0 4 _aMarketing
_zColombia
700 1 _aCasais, Daniel Héctor
740 0 _avLex Libros (Servicio en línea)
856 4 0 _uhttps://vlex.com/source/neurociencias-aplicadas-en-la-empresa-una-nueva-vision-de-la-direccion-de-empresas-y-el-marketing-33444
942 _cRAA
999 _c170059
_d170059